| 000 | 00998nam a22003137a 4500 | ||
|---|---|---|---|
| 003 | CHAP | ||
| 005 | 20220329135019.0 | ||
| 008 | 971013s1959 r 00010 d | ||
| 010 | _a29545 | ||
| 011 | _a30517 | ||
| 035 | _a34629 | ||
| 040 | _cCHAP | ||
| 090 | _aTesis | ||
| 100 | 0 | 0 |
_aMagaña Tirado, Ennio. _969812 |
| 245 | _aCultivos del ajonjolí en la parte sur del estado de Sinaloa | ||
| 260 |
_aCd. Juárez, Chih. : _bEl autor, _c1959 |
||
| 300 |
_a65 h. _b: ilus |
||
| 502 | _aTesis (Ing. Agrónomo) -- Esc. Superior de Agricultura Hnos. Escobar | ||
| 590 |
_aALEPH _b10 _c20130110 _lUCH01 _h1251 |
||
| 590 |
_aBATCH-UPD _b10 _c20130110 _lUCH01 _h2231 |
||
| 590 |
_aBATCH-UPD _b10 _c20130410 _lUCH01 _h1526 |
||
| 590 |
_aBATCH-UPD _b10 _c20130913 _lUCH01 _h2333 |
||
| 590 |
_aCONVERSION _b10 _c20130109 _lUCH01 _h1317 |
||
| 650 | 1 | 4 |
_aAjonjolí. _93223 |
| 650 | 1 | 4 |
_aPlantas oleaginosas _xSinaloa. _989053 |
| 901 | _aBK | ||
| 942 | _cTESIS | ||
| 949 |
_bBC _cTES _d-80107 _eTS1 _h17084 _i34629 _si |
||
| 999 |
_c29545 _d29545 |
||